000 00497nam a22001937a 4500
003 DEla salle
005 20140310182757.0
008 130207t xxu||||| |||| 00| 0 eng d
020 _a0201876876
050 _aQA 76.9.H85
_b.V56 1995
100 _aVince, John
245 _aVirtual reality systems /
_cJohn Vince
260 _aNew York :
_bACM Press,
_c1995.
300 _a388 p. :
_c24 cm.
_b ill. (some col.) ;
521 _aIT
562 _e1
942 _2lcc
_cBK
_kFOR
999 _c15878
_d15878